Christopher Clark, 1848 – Le Printemps des peuples. Se battre pour un monde nouveau. Traducido del inglés (Australia) por Marie-Anne de Béru y Gabriel Boniecki. Flammarion, «Au fil de l’histoire», 2024, 816 páginas, 35 €. - Fabrice Erre y Claire Fredj, Printemps du peuple. Des derniers rois à Marianne. La Découverte, «Histoire dessinée de la France», n.º 15, 2024, 168 páginas, 23 €. (notice n° 1516531)

détails MARC
000 -LEADER
fixed length control field 00797cam a2200145 4500500
005 - DATE AND TIME OF LATEST TRANSACTION
control field 20251012005058.0
041 ## - LANGUAGE CODE
Language code of text/sound track or separate title fre
042 ## - AUTHENTICATION CODE
Authentication code dc
100 10 - MAIN ENTRY--PERSONAL NAME
Personal name Gruson, Pascale
Relator term author
245 00 - TITLE STATEMENT
Title Christopher Clark, 1848 – Le Printemps des peuples. Se battre pour un monde nouveau. Traducido del inglés (Australia) por Marie-Anne de Béru y Gabriel Boniecki. Flammarion, «Au fil de l’histoire», 2024, 816 páginas, 35 €. - Fabrice Erre y Claire Fredj, Printemps du peuple. Des derniers rois à Marianne. La Découverte, «Histoire dessinée de la France», n.º 15, 2024, 168 páginas, 23 €.
260 ## - PUBLICATION, DISTRIBUTION, ETC.
Date of publication, distribution, etc. 2025.<br/>
500 ## - GENERAL NOTE
General note 42
786 0# - DATA SOURCE ENTRY
Note Études | Mai | 5 | 2025-04-24 | p. 133-134
856 41 - ELECTRONIC LOCATION AND ACCESS
Uniform Resource Identifier <a href="https://shs.cairn.info/revista-etudes-2025-5-page-133?lang=es&redirect-ssocas=7080">https://shs.cairn.info/revista-etudes-2025-5-page-133?lang=es&redirect-ssocas=7080</a>

Pas d'exemplaire disponible.

PLUDOC

PLUDOC est la plateforme unique et centralisée de gestion des bibliothèques physiques et numériques de Guinée administré par le CEDUST. Elle est la plus grande base de données de ressources documentaires pour les Étudiants, Enseignants chercheurs et Chercheurs de Guinée.

Adresse

627 919 101/664 919 101

25 boulevard du commerce
Kaloum, Conakry, Guinée

Réseaux sociaux

Powered by Netsen Group @ 2025